[Event "SIP pegando fogo. To Curtindo!!"]
[Site "http://www.queenalice.com/game.php?id=1033794"]
[Date "2012.2.28"]
[Round "-"]
[White "kleberrocha"]
[Black "hikaritanaka"]
[Result "0-1"]
[WhiteElo "1581"]
[BlackElo "1262"]

1. e4 e5 2. Nf3 d6 3. c4 Nc6 4. Qa4 Rb8 5. d3 a6 6. b4 b5 7. cxb5 axb5 8. Qc2
Nxb4 9. Qc3 c5 10. a3 Na6 11. a4 Nf6 12. h3 c4 13. axb5 Rxb5 14. Qxc4 Rc5 15.
Qa4+ Nd7 16. Ba3 Ra5 17. Qb3 Ndc5 18. Qc4 Qb6 19. Bxc5 dxc5 20. Nxe5 Be6 21. Qc3
Nb4 22. Qb2 f6 23. Nc4 Bxc4 24. dxc4 g6 25. Be2 Bh6 26. O-O Bf8 27. Qd2 Bd6 28.
Qb2 Bc7 29. Nc3 Qd6 30. Rad1 Qh2# 0-1

[Event "Elemento tenso no setor"]
[Site "http://www.queenalice.com/game.php?id=1038820"]
[Date "2012.3.14"]
[Round "-"]
[White "kleberrocha"]
[Black "hikaritanaka"]
[Result "1-0"]
[WhiteElo "1554"]
[BlackElo "1285"]

1. h4 Nf6 2. h5 a5 3. b3 g5 4. Nh3 h6 5. Bb2 Bg7 6. e3 d6 7. g4 Bxg4 8. Be2 e5
9. Bxg4 Nxg4 10. Qxg4 f6 11. Nc3 Qd7 12. Qc4 c5 13. Nd5 g4 14. Nb6 d5 15. Qxc5
Bf8 16. Qxd5 Ra6 17. Nxd7 Nxd7 18. Ng1 Bb4 19. Qxb7 Rd6 20. Qc8+ Ke7 21. Qxh8
Bxd2+ 22. Ke2 Nc5 23. Rd1 Ne4 24. Rxd2 Rxd2+ 25. Ke1 g3 26. Ba3+ Ke6 27. Rh4 Kf5
28. Rxe4 gxf2+ 29. Kf1 Kxe4 30. Qxf6 fxg1=Q+ 31. Kxg1 Rd1+ 32. Kf2 Rd2+ 33. Ke1
Kxe3 34. Qxh6+ Kd4 35. Qxd2+ Ke4 36. h6 a4 37. bxa4 Kf3 38. h7 e4 39. h8=Q Kg3
40. Qhh2+ Kg4 41. Qdf4# 1-0

[Event "Preguiça medonha (plena)"]
[Site "http://www.queenalice.com/game.php?id=1041691"]
[Date "2012.3.22"]
[Round "-"]
[White "hikaritanaka"]
[Black "kleberrocha"]
[Result "1-0"]
[WhiteElo "1280"]
[BlackElo "1557"]

1. e4 a5 2. a4 g5 3. d3 e6 4. Qg4 Be7 5. e5 Nh6 6. Qh5 Bc5 7. Qxh6 d6 8. Qg7 Kd7
9. Bxg5 Rg8 10. Qxf7+ Kc6 11. Bxd8 Rxd8 12. d4 Rd7 13. Bb5+ Kd5 14. Qf3+ Kxd4
15. c3+ Kxe5 16. Bxd7 Nxd7 17. h4 Ra6 18. Qh5+ Ke4 19. Qxh7+ Kd5 20. b4 Nf6 21.
c4+ Kxc4 22. Qxc7 Rc6 23. Qxa5 Bxb4+ 24. Nd2+ Kc3 25. Ra3+ Kc2 26. Qxb4 e5 27.
Ra2+ Kc1 28. Ne2# 1-0

[Event "Revanche da Vaca Preta"]
[Site "http://www.queenalice.com/game.php?id=1042043"]
[Date "2012.3.24"]
[Round "-"]
[White "kleberrocha"]
[Black "hikaritanaka"]
[Result "1-0"]
[WhiteElo "1554"]
[BlackElo "1307"]

1. e4 e5 2. Nf3 d6 3. Bc4 Qd7 4. h3 b5 5. Bd5 c6 6. Bb3 Nf6 7. Ng5 h6 8. Nxf7
Rh7 9. c4 Qxf7 10. cxb5 Qg6 11. Qf3 Nxe4 12. Bc2 Bf5 13. g4 d5 14. gxf5 Qg5 15.
h4 Qe7 16. Qh5+ Kd8 17. Na3 Qc5 18. Bxe4 dxe4 19. b3 cxb5 20. O-O a5 21. Bb2 Nc6
22. Rac1 Qd6 23. Nxb5 Qxd2 24. Rxc6 Qxb2 25. Rd1+ Ke7 26. Re6# 1-0

[Event "Zoltan"]
[Site "http://www.queenalice.com/game.php?id=1045507"]
[Date "2012.4.3"]
[Round "-"]
[White "kleberrocha"]
[Black "hikaritanaka"]
[Result "1-0"]
[WhiteElo "1535"]
[BlackElo "1321"]

1. e3 e5 2. Qf3 d5 3. c4 e4 4. Qe2 Nc6 5. g4 Qg5 6. cxd5 Bxg4 7. Qc4 Rd8 8. dxc6
bxc6 9. Qxc6+ Bd7 10. Qxe4+ Be6 11. Bb5+ Qxb5 12. Nc3 Qa5 13. Nge2 f5 14. Qxe6+
Ne7 15. a3 Rd6 16. Qb3 Rb6 17. Qc4 c5 18. a4 Rb4 19. Qd3 c4 20. Qd6 g6 21. Nf4
Bh6 22. Nfd5 Qd8 23. Nf6+ Kf7 24. Nd7 Bf8 25. Ne5+ Ke8 26. Qxb4 Nd5 27. Qxc4 f4
28. Nxd5 Bd6 29. Qb5+ Kf8 30. exf4 a5 31. Qd7 Qxd7 32. Nxd7+ Ke8 33. N5f6+ Kd8
34. Rg1 Bxf4 35. Rg5 Bxg5 36. b4 Ke7 37. d3 Bxf6 38. Nxf6 Kxf6 39. bxa5 Re8+ 40.
Be3 g5 41. Rb1 Rd8 42. Ke2 g4 43. a6 Kf5 44. a7 Ra8 45. Rb8 g3 46. hxg3 Kg4 47.
Rxa8 h5 48. Rh8 Kh3 49. a8=Q Kh2 50. Rxh5+ Kg1 51. Qh1# 1-0

[Event "Moo-ha"]
[Site "http://www.queenalice.com/game.php?id=1045509"]
[Date "2012.4.3"]
[Round "-"]
[White "hikaritanaka"]
[Black "kleberrocha"]
[Result "0-1"]
[WhiteElo "1329"]
[BlackElo "1534"]

1. e4 e5 2. Nf3 h5 3. h4 Bd6 4. Ng5 Nh6 5. Qf3 f6 6. Qxh5+ Kf8 7. Nf7 Qe8 8. Bc4
c6 9. d3 Nxf7 10. Bxf7 Rxh5 11. Bxe8 Kxe8 12. Nc3 b5 13. a4 b4 14. Na2 g5 15. g3
Na6 16. g4 Rxh4 17. Rxh4 gxh4 18. Bh6 Bb7 19. O-O-O c5 20. Bg7 Kf7 21. Bh6 Rg8
22. Rg1 c4 23. Be3 cxd3 24. Rd1 Rxg4 25. Rxd3 Rg1+ 26. Rd1 Rxd1+ 27. Kxd1 Bxe4
28. Bxa7 h3 29. c3 b3 30. Nb4 Nxb4 31. cxb4 Bxb4 32. a5 h2 33. f3 Bxf3+ 34. Kc1
h1=Q+ 35. Bg1 Qxg1# 0-1

[Event "Challenge"]
[Site "http://www.queenalice.com/game.php?id=1048355"]
[Date "2012.4.12"]
[Round "-"]
[White "kleberrocha"]
[Black "hikaritanaka"]
[Result "1-0"]
[WhiteElo "1542"]
[BlackElo "1314"]

1. e3 e5 2. Qf3 d5 3. e4 c6 4. Qb3 b5 5. Nc3 b4 6. Na4 Na6 7. Bxa6 Bxa6 8. d3
Qd7 9. Be3 d4 10. Nf3 Rb8 11. Nxe5 Qe7 12. Nxc6 Qc7 13. Qd5 Rd8 14. Nxd8 dxe3
15. O-O Nf6 16. Qd4 Ng4 17. e5 Nxe5 18. fxe3 Qxc2 19. Rac1 Qxa4 20. Rc8 Bxc8 21.
Rc1 Bb7 22. Nxb7 Be7 23. Rc8+ Bd8 24. Qxd8# 1-0

[Event "Eu kero Txu, e keto Txa.."]
[Site "http://www.queenalice.com/game.php?id=1068542"]
[Date "2012.6.5"]
[Round "-"]
[White "kleberrocha"]
[Black "hikaritanaka"]
[Result "1-0"]
[WhiteElo "1554"]
[BlackElo "1301"]

1. g4 f6 2. Bg2 Nh6 3. e4 d6 4. h3 d5 5. b4 Nc6 6. exd5 Nxb4 7. c3 Nd3+ 8. Kf1
e6 9. Qa4+ Ke7 10. Ne2 exd5 11. Qd4 c6 12. Qxd3 Ke6 13. Nf4+ Kf7 14. c4 Bd6 15.
Bxd5+ cxd5 16. Qxd5+ Kf8 17. Ba3 Nf7 18. Nc3 g5 19. Ne6+ Bxe6 20. Qxe6 Bxa3 21.
Rb1 Qd3+ 22. Qe2 Ne5 23. Kg2 Rd8 24. Rxb7 Bc5 25. Rb5 Bd6 26. Rd5 Qxe2 27. Nxe2
h5 28. Rb1 hxg4 29. f4 gxh3+ 30. Kg3 Rh4 31. fxe5 Re4 32. Rxd6 Re8 33. Rxf6+ Kg8
34. Rg6+ Kf8 35. Rf1+ Rf4 36. Nxf4 Rxe5 37. Ne6+ Ke7 38. Nxg5 h2 39. Rf7+ Ke8
40. Rg8# 1-0

[Event "Kero txutxa txutxatxutxa"]
[Site "http://www.queenalice.com/game.php?id=1068543"]
[Date "2012.6.5"]
[Round "-"]
[White "hikaritanaka"]
[Black "kleberrocha"]
[Result "0-1"]
[WhiteElo "1307"]
[BlackElo "1548"]

1. e4 e5 2. Nf3 Nc6 3. Nc3 g5 4. Bc4 Nh6 5. h4 Bc5 6. Nxg5 Qf6 7. Bxf7+ Nxf7 8.
O-O Nxg5 9. hxg5 Qxg5 10. g3 Nd4 11. d3 Qg6 12. Be3 d6 13. Nd5 Bg4 14. Nf6+ Kf7
15. Nxg4 h5 16. Nh2 h4 17. g4 b5 18. c3 Ne6 19. d4 exd4 20. cxd4 Bb6 21. Qf3+
Kg7 22. Rac1 Raf8 23. Qe2 Qxe4 24. Qxb5 Nf4 25. Qd7+ Kg8 26. Rce1 Qg2# 0-1

[Event "Challenge"]
[Site "http://www.queenalice.com/game.php?id=1080110"]
[Date "2012.7.7"]
[Round "-"]
[White "Rogerio11"]
[Black "hikaritanaka"]
[Result "0-1"]
[WhiteElo "1174"]
[BlackElo "1295"]

1. e4 e5 2. Bc4 Nf6 3. g4 Nxe4 4. Qf3 f6 5. Qxe4 d6 6. Nc3 Nd7 7. Nd5 Nc5 8. Qf3
e4 9. Qh3 h5 10. gxh5 Bxh3 11. Nxh3 Rxh5 12. Nhf4 Rh3 13. Nxh3 c6 14. Nc3 d5 15.
d3 exd3 16. cxd3 Qe7+ 17. Ne2 dxc4 18. dxc4 Nd3+ 19. Kd2 Qd6 20. a4 Nxb2+ 21.
Kc2 Nxc4 22. Bf4 Na3+ 23. Kb2 Nc4+ 24. Kb3 Qd3+ 25. Ka2 Qc2# 0-1

[Event "Ao dia do Futebol..."]
[Site "http://www.queenalice.com/game.php?id=1084601"]
[Date "2012.7.19"]
[Round "-"]
[White "kleberrocha"]
[Black "hikaritanaka"]
[Result "1-0"]
[WhiteElo "1549"]
[BlackElo "1330"]

1. d4 d5 2. Nc3 e6 3. a3 c5 4. Bf4 g5 5. Bxb8 Rxb8 6. g4 c4 7. Nf3 h5 8. Ne5 f6
9. Ng6 Bg7 10. e4 Rh6 11. gxh5 b5 12. exd5 exd5 13. Qe2+ Kf7 14. Bg2 Rxg6 15.
hxg6+ Kxg6 16. Bxd5 Nh6 17. h4 Bg4 18. h5+ Bxh5 19. Rxh5 Qd6 20. Be4+ f5 21. Kd2
Qxd4+ 22. Ke1 Re8 23. Bxf5+ Kxf5 24. Qxe8 Qg4 25. Rh1 Qg2 26. Ke2 Kf4 27. Rhg1
Qf3+ 28. Kf1 Ng4 29. Qf7+ Bf6 30. Rxg4+ Kxg4 31. Qe6+ Kh5 32. Ne4 Qh1+ 33. Ke2
Qxa1 34. Qxf6 Qg1 35. Ng3+ Kg4 36. Qf5+ Kh4 37. Qh7+ Kg4 38. Qh1 Qxh1 39. Nxh1
c3 40. bxc3 a5 41. f3+ Kh3 42. Nf2+ Kg3 43. Ne4+ Kf4 44. Nd6 g4 45. fxg4 Kxg4
46. Nxb5 Kf4 47. Kd3 a4 48. c4 Ke5 49. Nc3 Kf4 50. Nxa4 Kf3 51. c5 Kf4 52. c6
Ke5 53. c7 Kd6 54. c8=Q 1-0

[Event "Tomarás na Rabitola"]
[Site "http://www.queenalice.com/game.php?id=1085141"]
[Date "2012.7.21"]
[Round "-"]
[White "hikaritanaka"]
[Black "kleberrocha"]
[Result "1-0"]
[WhiteElo "1306"]
[BlackElo "1560"]

1. e4 c6 2. d4 b5 3. e5 e6 4. Qg4 Qb6 5. b4 Bxb4+ 6. c3 f5 7. Qxg7 Bxc3+ 8. Nxc3
Qxd4 9. Qxh8 Qxc3+ 10. Bd2 Qxa1+ 11. Ke2 Kf8 12. Qxh7 Qxe5+ 13. Be3 f4 14. Nf3
Qf5 15. Qxf5+ exf5 16. Bc5+ Ke8 17. Ne5 d5 18. h4 Na6 19. Bd6 c5 20. Kf3 d4 21.
Bxb5+ Kd8 22. Nf7# 1-0

[Event "Challenge"]
[Site "http://www.queenalice.com/game.php?id=1086046"]
[Date "2012.7.23"]
[Round "-"]
[White "HerbertPaulo"]
[Black "hikaritanaka"]
[Result "1-0"]
[WhiteElo "1917"]
[BlackElo "1332"]

1. e4 e5 2. Nf3 d6 3. Bc4 Qd7 4. O-O b5 5. Bd3 f6 6. Qe2 h5 7. Bxb5 c6 8. Bc4 h4
9. h3 g5 10. Nh2 a6 11. c3 c5 12. d4 Ne7 13. dxe5 fxe5 14. Bxg5 Ng6 15. Qf3 Rh5
16. Qxh5 Qf7 17. Bxf7+ Kxf7 18. Bxh4 Be7 19. Bxe7 Kxe7 20. Qxg6 Be6 21. Ng4 Nd7
22. Qg7+ Bf7 23. Nh6 Rf8 24. Nxf7 Rxf7 25. Qg5+ Rf6 26. h4 Ke6 27. h5 Rf5 28.
Qxf5+ 1-0

[Event "Rabitola II - a Revanche"]
[Site "http://www.queenalice.com/game.php?id=1086142"]
[Date "2012.7.23"]
[Round "-"]
[White "kleberrocha"]
[Black "hikaritanaka"]
[Result "1-0"]
[WhiteElo "1556"]
[BlackElo "1323"]

1. e4 e5 2. Qf3 Qf6 3. Nc3 Qxf3 4. Nxf3 d6 5. a4 Bg4 6. Nb5 Kd8 7. Bc4 Nf6 8.
Bxf7 Bxf3 9. gxf3 a6 10. Nc3 h5 11. b4 Nc6 12. b5 Nd4 13. Kf1 Nxc2 14. Rb1 d5
15. exd5 Nd4 16. b6 c5 17. dxc6 bxc6 18. a5 Nxf3 19. b7 Rb8 20. Kg2 e4 21. d3
Bd6 22. dxe4 Nh4+ 23. Kf1 Rf8 24. Be6 Re8 25. Bf5 g6 26. Rb6 gxf5 27. Rxc6 Kd7
28. Rb6 Rxe4 29. Bg5 Rc4 30. Bxf6 Rxc3 31. Bxc3 Kc7 32. Rb4 Nf3 33. Ke2 Ng5 34.
Rg1 Nh3 35. Rg7+ Kc6 36. Bd4 Nf4+ 37. Kf3 Nd5 38. Rc4+ Kb5 39. Rc8 Rxb7 40.
Rxb7+ Kxa5 41. Rd8 Bxh2 42. Rxd5+ Ka4 43. Rxf5 h4 44. Rb2 h3 45. Rh5 Ka3 46.
Ra5# 1-0

[Event "Challenge"]
[Site "http://www.queenalice.com/game.php?id=1087263"]
[Date "2012.7.27"]
[Round "-"]
[White "Rogerio11"]
[Black "hikaritanaka"]
[Result "1-0"]
[WhiteElo "1320"]
[BlackElo "1316"]

1. e4 e5 2. Bc4 Qe7 3. Nc3 Qc5 4. Bd5 c6 5. Bb3 a5 6. Qf3 Nf6 7. Nh3 h5 8. d3
Be7 9. Ng5 d6 10. Bxf7+ Kd7 11. Qf5+ Kc7 12. Ne6+ Kb6 13. Nxc5 Bxf5 14. exf5
Kxc5 15. Be3+ Kb4 16. a3# 1-0

[Event "Férias do Macho Supremo"]
[Site "http://www.queenalice.com/game.php?id=1092053"]
[Date "2012.8.10"]
[Round "-"]
[White "kleberrocha"]
[Black "hikaritanaka"]
[Result "1-0"]
[WhiteElo "1537"]
[BlackElo "1310"]

1. e4 e5 2. Bc4 Qe7 3. Qf3 Nf6 4. g4 h5 5. Qh3 d6 6. Be2 Nxe4 7. f3 Ng5 8. Qg2
h4 9. b4 h3 10. Qg3 d5 11. c3 a5 12. Ba3 Ne6 13. Qxe5 Nc6 14. Bb5 Bd7 15. Qxd5
Qh4+ 16. Kf1 O-O-O 17. bxa5 Be8 18. Qb3 Nxa5 19. Qa4 b6 20. c4 g5 21. Bxe8 Bg7
22. Bxf7 Nc5 23. Bxc5 Qh6 24. Nc3 Rhf8 25. Bxf8 Bxf8 26. Re1 Qf6 27. Nd5 Qxf7
28. Re3 Bc5 29. Re7 Bxe7 30. Qb5 Kb7 31. Nxh3 Qxf3+ 32. Ke1 c6 33. Qxb6+ Ka8 34.
Nc7# 1-0

[Event "Challenge"]
[Site "http://www.queenalice.com/game.php?id=1093999"]
[Date "2012.8.17"]
[Round "-"]
[White "Rogerio11"]
[Black "hikaritanaka"]
[Result "1-0"]
[WhiteElo "1324"]
[BlackElo "1326"]

1. e4 e5 2. Bc4 d6 3. Nc3 Qd7 4. Qf3 Nf6 5. Nd5 c6 6. d3 Ng4 7. h3 Nf6 8. Nxf6+
gxf6 9. Qxf6 Rg8 10. Bh6 Rg6 11. Qf5 Qd8 12. Qxf7# 1-0

[Event "Volta da Foca Falante"]
[Site "http://www.queenalice.com/game.php?id=1106114"]
[Date "2012.9.25"]
[Round "-"]
[White "kleberrocha"]
[Black "hikaritanaka"]
[Result "1-0"]
[WhiteElo "1535"]
[BlackElo "1281"]

1. e4 e5 2. Bc4 Qf6 3. f3 Bc5 4. a3 Nc6 5. c3 h5 6. b4 Bxg1 7. Rxg1 Qh4+ 8. Kf1
d6 9. Rh1 b5 10. g3 Bh3+ 11. Kf2 Qg5 12. Bxb5 O-O-O 13. Bxc6 Ne7 14. f4 Qg4 15.
Qxg4+ Bxg4 16. b5 f5 17. d3 g5 18. fxe5 dxe5 19. Bxg5 Nxc6 20. bxc6 Rdf8 21. Ke3
f4+ 22. Kd2 f3 23. h3 Be6 24. a4 Rfg8 25. Bf6 Rh6 26. Bxe5 h4 27. Bf4 Rf6 28.
Na3 hxg3 29. Ke3 g2 30. Rhg1 Bxh3 31. Kxf3 Rgf8 32. Kg3 Rh8 33. Be5 Rg6+ 34. Kf2
Rf8+ 35. Ke3 Re8 36. d4 Rg3+ 37. Bxg3 Bf5 38. Kf4 Bxe4 39. Rxg2 Bxg2 40. Re1
Rf8+ 41. Ke3 Bxc6 42. c4 Bxa4 43. Kd2 Kd8 44. d5 Rf3 45. Bh4+ Kd7 46. Re7+ Kd6
47. Ke2 Rxa3 48. Re6+ Kc5 49. Be7+ Kxc4 50. Bxa3 Kxd5 51. Re7 c5 52. Rxa7 Bb3
53. Ra5 Bc4+ 54. Ke3 Ke6 55. Rxc5 Bd5 56. Kd4 Bf3 57. Re5+ Kf6 58. Re7 Bh1 59.
Bd6 Bc6 60. Kc5 Ba8 61. Re8 Bb7 62. Rf8+ Ke6 63. Re8+ Kd7 64. Re7+ Kd8 65. Rxb7
Ke8 66. Re7+ Kd8 67. Kc6 Kc8 68. Re8# 1-0